Представление документа в формате RUSMARC

ПолеНазваниеЗначение
  Тип записи a
  Библиографический уровень a
001 Контрольный номер RU/CBS_Ul/BASE/504635497
005 Дата корректировки 20250124025545.1
100 Данные общей обработки __
a Данные общей обработки 20151228d2015 ||| 0rusy0189 ca
101 Язык документа 0_
a Язык текста rus
102 Страна публикации __
a Страна публикации RU
105 Кодированные данные (монография) __
a Кодированные данные (монография) y###||||000|y
200 Заглавие и сведения об ответственности 1_
a Заглавие Симбирск и Харбин глазами китаиста
b Общее обозначение материала Текст
e Сведения, относящиеся к заглавию [встреча с писателем Е. Анташкевичем, автором романа о Симбирске "В окопах. 1916 год. Хроника одного полка"]
f Первые сведения об ответственности И. Антонова
300 Общие примечания __
a Общие примечания Ограничения по возрасту - 16+
461 Уровень набора _0
1 2000
a Ульяновская правда
463 Уровень физической единицы _0
1 001RU/CBS_Ul/BASE/504633274
1 2000
a № 189 (28 дек.)
v С. 11
1 210
d 2015
600 Персоналии _0
a Персоналии (Фамилия) Анташкевич
b Персоналии (Имя, инициалы) Е. М.
606 Тематические рубрики 0_
a Основная рубрика Российская литература, 21 в.
y Географическая подрубрика Харбин, город (Китай)
606 Тематические рубрики 0_
a Основная рубрика Симбирск, город
606 Тематические рубрики 0_
a Основная рубрика Симбирск -Ульяновск, город - История
610 Ключевые слова 0_
a Ключевые слова литература
610 Ключевые слова 0_
a Ключевые слова российская литература
610 Ключевые слова 0_
a Ключевые слова писатели
610 Ключевые слова 0_
a Ключевые слова российские писатели
610 Ключевые слова 0_
a Ключевые слова история городов
610 Ключевые слова 0_
a Ключевые слова история Симбирска
686 Индексы других классификаций __
a Классификационный индекс 83.3(2Рос=Рус)6
2 Код системы ББК
686 Индексы других классификаций __
a Классификационный индекс 63.3(2Рос235.54)
2 Код системы ББК
700 Автор _1
a Фамилия Антонова
b Имя (инициалы) И.
801 Источник записи _0
a Страна RU
b Организация МБУК ЦБС г. Ульяновска
c Дата составления 20151228
g Правила каталогизации RCR
801 Источник записи _1
a Страна RU
b Организация МБУК ЦБС г. Ульяновска
c Дата составления 20151228
g Правила каталогизации RCR
901 Тип документа __
t Тип документа f
w Контрольный № источника RU/CBS_Ul/BASE/504633274
910 Корректоры записи __
a Корректор записи Сидоркина
938 Служебная информация __
a Имя БД kraeved